Can you name the Clear Cards? Quiz Stats

 Plays Quiz not verified by Sporcle

Support Sporcle.
Go Orange.
Score 0/20 Timer 10:00
0 Plays Today
Answer % Correct
Gale
85%
Flight
85%
Aqua
85%
Mirror
76.7%
Record
76.7%
Blaze
76.7%
Spiral
69.2%
Snooze
66.7%
Gravitation
66.7%
Siege
66.7%
Answer % Correct
Appear
62.5%
Hail
62.5%
Lucid
59.2%
Reflect
58.3%
Action
55%
Mirage
55%
Struggle
48.3%
Swing
46.7%
Reversal
44.2%
Labryinth
35.8%

You're not logged in!

Compare scores with friends on all Sporcle quizzes.
OR
Log In

From the Vault

Best State for Presidents per Election

by jonesjeffum

The states that vote together, stay together.
Remove Ads.
Support Sporcle.
Get the best of Sporcle when you Go Orange. This ad-free experience offers more features, more stats, and more fun while also helping to support Sporcle. Thank you for becoming a member.

Show Comments

Extras

Top Quizzes Today


Score Distribution

Your Account Isn't Verified!

In order to create a playlist on Sporcle, you need to verify the email address you used during registration. Go to your Sporcle Settings to finish the process.

Report this User

Report this user for behavior that violates our Community Guidelines.

Details: